Cyrano de Bergerac, Œuvres Complètes II, Lettres, Entretiens pointus, Mazarinades. Édition critique de LUCIANO ERBA, pour les Lettres et les Entretiens pointus, et de HUBERT CARRIER, pour les Mazarinades. Paris, Honoré Champion, 2001, coll. « Sources classiques » n° 34. Un vol. 14 × 22,5 de 502 p. (notice n° 1653555)
[ vue normale ]
| 000 -LEADER | |
|---|---|
| fixed length control field | 00777cam a2200145 4500500 |
| 005 - DATE AND TIME OF LATEST TRANSACTION | |
| control field | 20260208005740.0 |
| 041 ## - LANGUAGE CODE | |
| Language code of text/sound track or separate title | fre |
| 042 ## - AUTHENTICATION CODE | |
| Authentication code | dc |
| 100 10 - MAIN ENTRY--PERSONAL NAME | |
| Personal name | Ronzeaud, Pierre |
| Relator term | author |
| 245 00 - TITLE STATEMENT | |
| Title | Cyrano de Bergerac, Œuvres Complètes II, Lettres, Entretiens pointus, Mazarinades. Édition critique de LUCIANO ERBA, pour les Lettres et les Entretiens pointus, et de HUBERT CARRIER, pour les Mazarinades. Paris, Honoré Champion, 2001, coll. « Sources classiques » n° 34. Un vol. 14 × 22,5 de 502 p. |
| 260 ## - PUBLICATION, DISTRIBUTION, ETC. | |
| Date of publication, distribution, etc. | 2003.<br/> |
| 500 ## - GENERAL NOTE | |
| General note | 5 |
| 786 0# - DATA SOURCE ENTRY | |
| Note | Revue d'histoire littéraire de la France | 103 | 3 | 2003-08-01 | p. 707h-754h | 0035-2411 |
| 856 41 - ELECTRONIC LOCATION AND ACCESS | |
| Uniform Resource Identifier | <a href="https://shs.cairn.info/revue-d-histoire-litteraire-de-la-france-2003-3-page-707h?lang=fr&redirect-ssocas=7080">https://shs.cairn.info/revue-d-histoire-litteraire-de-la-france-2003-3-page-707h?lang=fr&redirect-ssocas=7080</a> |
Pas d'exemplaire disponible.




Réseaux sociaux